[Event "GER-chT Seniors 23rd"]
[Site "Bergen"]
[Date "2014.09.02"]
[Round "2.4"]
[White "Sandmeier, Toni"]
[Black "Lenk, Wolfgang"]
[Result "0-1"]
[WhiteElo "2202"]
[BlackElo "2161"]
[PlyCount "144"]
[EventDate "2014.09.01"]
[EventType "team-swiss"]
[EventRounds "7"]
[EventCountry "GER"]
[SourceTitle "EXT 2018"]
[Source "ChessBase"]
[SourceDate "2017.10.13"]
[SourceVersion "1"]
[SourceVersionDate "2017.10.13"]
[SourceQuality "1"]

1. c4 Nf6 2. g3 g6 3. Bg2 Bg7 4. Nc3 0-0 5. d4 d6 6. e4 Nc6 7. Nge2 a6 8. 0-0 Rb8 9. b3 e5 10. Bb2 Re8 11. dxe5 dxe5 12. Nd5 Be6 13. Qc2 Qc8 14. Rfd1 Nd7 15. Rac1 f5 16. b4 Nf6 17. b5 Na7 18. a4 Nxe4 19. Bxe4 fxe4 20. Qxe4 Bf5 21. Qh4 Qd8 22. Qxd8 Rexd8 23. Nxc7 Rxd1+ 24. Rxd1 Bg4 25. Kf1 Rc8 26. b6 Nc6 27. Rd6 Na5 28. c5 Nc4 29. Nc3 Nxd6 30. cxd6 Bd7 31. N7d5 Kf7 32. a5 Rd8 33. Ke2 Bc6 34. Ba3 Bxd5 35. Nxd5 Bf8 36. Ke3 Bxd6 37. Bxd6 Rxd6 38. Ke4 Rc6 39. Kxe5 Rc5 40. Kd6 Rxa5 41. Ne3 Ra2 42. Kc7 Rxf2 43. Kxb7 a5 44. Ka6 a4 45. b7 Rb2 46. Nc4 a3 47. Nxa3 Ra2 48. Kb5 Rxa3 49. Kc4 Ra2 50. b8Q Rxh2 51. g4 Re2 52. Qf4+ Kg8 53. Kc5 Re8 54. Kd6 Rf8 55. Qc4+ Rf7 56. Ke6 Kg7 57. Qd4+ Kg8 58. Qd8+ Kg7 59. Qd5 Kg8 60. Qd4 Rf1 61. Qd8+ Kg7 62. Qc7+ Kg8 63. Qb8+ Kg7 64. Qa7+ Kg8 65. Qb7 Rf8 66. Qb4 Rf7 67. Qd4 Rf1 68. Ke5 Rf7 69. g5 Re7+ 70. Kf6 Rf7+ 71. Ke6 Rf5 72. Qd8+ Rf8 0-1

[Event "GER-chA Seniors 26th"]
[Site "Bad Neuenahr"]
[Date "2014.08.08"]
[Round "4"]
[White "Sandmeier, Toni"]
[Black "Prill, Gerhard"]
[Result "1-0"]
[WhiteElo "2197"]
[BlackElo "2026"]
[PlyCount "105"]
[EventDate "2014.08.05"]
[EventType "swiss"]
[EventRounds "9"]
[EventCountry "GER"]
[SourceTitle "EXT 2018"]
[Source "ChessBase"]
[SourceDate "2017.10.13"]
[SourceVersion "1"]
[SourceVersionDate "2017.10.13"]
[SourceQuality "1"]

1. d4 Nf6 2. c4 e6 3. Nf3 b6 4. g3 Ba6 5. Qc2 Bb7 6. Bg2 c5 7. 0-0 cxd4 8. Nxd4 Bxg2 9. Kxg2 Qc8 10. e4 Nc6 11. Nb5 a6 12. N5c3 Qb7 13. Rd1 Rc8 14. Qe2 Bc5 15. Be3 0-0 16. f3 Rfe8 17. Na4 Bxe3 18. Qxe3 b5 19. Nb6 Rb8 20. c5 d5 21. Nd2 Rbd8 22. a4 b4 23. e5 Nd7 24. Nxd7 Rxd7 25. f4 Qc7 26. Rac1 Red8 27. Qd3 Qa5 28. Nb3 Qc7 29. Qxa6 Nxe5 30. c6 Re7 31. fxe5 Qxe5 32. Nd4 Qe4+ 33. Nf3 Rc7 34. Rd4 Qe3 35. Re1 Qb3 36. Qb6 Rdc8 37. Rxb4 Qc2+ 38. Qf2 Qxc6 39. Re2 Qa6 40. Rd2 Rc1 41. Ne5 f6 42. Nd3 R1c6 43. Rg4 Rc4 44. Rxc4 dxc4 45. Nf4 Qxa4 46. Qb6 Qa8+ 47. Kh3 Re8 48. Qc7 Qf3 49. Rd7 Qf1+ 50. Kh4 g5+ 51. Kh5 Qb1 52. Rg7+ Kh8 53. Kh6 1-0